00856nam a2200217 a 450000100060000000300080000600500170001400800410003103500200007204000290009204100130012108200270013410000520016124502230021326000800043630000260051650400310054265000170057370000310059070000170062173048BD-RjUL20211209082337.0170527s1956 nyu b 000 0 eng d a(BD-RjUL) 73266 aDLCcNNHuCdBD-RjULbeng1 aenghger a616.8583223bNOU 19561 aSchrenck-Notzing, A. vonq(Albert),d1862-1929.14aThe use of hypnosis in psychopathia sexualis :bwith especial reference to contrary sexual instinct /cA. von Schrenck-Notzing; Authorized translation from the German by Charles Gilbert Chaddock. Introd. by Henry Guze. aNew York :bInstitute for Research in Hypnosis Publication Society,cc1956. axvi, 320 p. ;c25 cm. aBibliographical footnotes. 0aParaphilias. aChaddock, Charles Gilbert  aGuze, Henry